000 00514 a2200169 4500
003 NUST
005 20251021135218.0
040 _cNust
082 _a621.382,AHM
100 _aAhmed, Altamash pc ( TCC-14)
_9131351
245 _aTarget detection and tracking in a pulse Doppler radar /
_cPC Altamash Ahmed , Capt Usman Firdous , PC Nauman Hamid , GC Syed Bilal Haider
260 _aRawalpindi
_bMCS,NUST
_c2006
300 _a71 p.;
650 _aUG Projects
_998716
651 _aTE-39
_9131352
942 _cPR
_2ddc
999 _c183534
_d183534